Polacy i Niemcy - od "partnerskiego sąsiedstwa" do "sąsiestwa z dystansu"?
| Titel: | Polacy i Niemcy - od "partnerskiego sąsiedstwa" do "sąsiestwa z dystansu"? |
|---|---|
| Verfasser: | |
| In: |
Borussia, Band 36 (2005), Seite 193-195 alle Artikel anzeigen |
| Veröffentlicht: | 2005 |
| Format: | Aufsatz |
| Sprache: | Polnisch |
X
alg: 39486347 001A $01999:12-11-16 001B $01999:03-08-21 $t21:04:48.000 001C $06050:19-11-16 $t09:35:26.000 001D $01999:12-11-16 001U $0utf8 001X $00 002@ $0Aox 003@ $039486347X 007A $039486347X $aHEB 007T $0Herd74825 010@ $apol 011@ $a2005 021A $aPolacy i Niemcy - od "partnerskiego sąsiedstwa" do "sąsiestwa z dystansu"? 027A $aPolen und Deutsche - von der "partnerschaftlichen Nachbarschaft" zur "Nachbarschaft aus der Distanz"? 028A $7132707047 $8Żytyniec, Rafał$Z1976- [Tp1] $9184998891 031A $d36 $h193-195 $j2005 039B $aIn $8--Abvc--. Borussia. - Olsztyn : [Verlag nicht ermittelbar], 1991-2017. - ISSN 0867-6402 $x200500000360000807 $9048604585 039T $8--Aau--. Polacy - Niemcy. - Poznań : Instytut Zachodni, 2004. - 579 S.. - ISBN 83-87688-50-9 $9121143651 045F $a900.9438 $eDDC23BSB 045F/01 $a900 045F/03 $g438 045T $a8,1 $a7,41 046C $aPolen und Deutsche - von der "partnerschaftlichen Nachbarschaft" zur "Nachbarschaft aus der Distanz"? $bÜbers. des Hauptsacht. lok: 39486347 78 exp: 39486347 78 1 #EPN 201B/01 $018-11-16 $t12:58:32.000 201U/01 $0utf8 203@/01 $0791162060 208@/01 $a12-11-16 $be 209A/01 $a/ $f000 $x00 220C/01 $aTitelaufnehmer: jk 244Z/01 $2Trx $#Poola $#Lenkija $#Polija $#Polen Land $#Poland $#Lengyelország $#Poľsko $#Polsko $8--Trx--Polska$gkraj $x01 $9391345966 244Z/01 $2Trx $#arvustused $#recenzijos $#Reviews $#recenziók $#recenzje $#recenzie $#recenze $8--Trx--Rezensionen $x02 $9391357441 247C/01 $82080>Marburg/Lahn, Herder-Institut, Forschungsbibliothek, Bibliographieportal $9336309341
| LEADER | 00000caa a22000002c 4500 | ||
|---|---|---|---|
| 001 | 39486347X | ||
| 003 | DE-603 | ||
| 005 | 20210803210448.0 | ||
| 007 | tu | ||
| 008 | 161112s2005 xx |||| | u00||u|pol c | ||
| 035 | |a (DE-599)HEB39486347X | ||
| 040 | |a DE-603 |b ger |c DE-603 |d DE-603 | ||
| 041 | |a pol | ||
| 082 | 0 | 4 | |8 1\u |a 900.9438 |q DE-101 |2 23/BSB |
| 084 | |a 8,1 |a 7,41 |2 ssgn | ||
| 085 | |8 1\u |b 900 | ||
| 085 | |8 1\u |z 2 |s 438 | ||
| 100 | 1 | |a Żytyniec, Rafał |d 1976- |0 (DE-603)184998891 |0 (DE-588)132707047 |2 gnd | |
| 245 | 0 | 0 | |a Polacy i Niemcy - od "partnerskiego sąsiedstwa" do "sąsiestwa z dystansu"? |
| 246 | 1 | |i Übers. des Hauptsacht. |a Polen und Deutsche - von der "partnerschaftlichen Nachbarschaft" zur "Nachbarschaft aus der Distanz"? | |
| 246 | 1 | 3 | |a Polen und Deutsche - von der "partnerschaftlichen Nachbarschaft" zur "Nachbarschaft aus der Distanz"? |
| 264 | 0 | |c 2005 | |
| 773 | 0 | 8 | |i In |t Borussia |d Olsztyn : [Verlag nicht ermittelbar], 1991-2017 |x 0867-6402 |g Band 36 (2005), Seite 193-195 |w (DE-603)048604585 |w (DE-600)1110008-4 |
| 787 | 0 | 8 | |i Rezension von |t Polacy - Niemcy |d Poznań : Instytut Zachodni, 2004 |h 579 S. |z 8387688509 |w (DE-603)121143651 |
| 924 | 0 | |9 2080 |a (DE-603)791162060 |b DE-2080 |c HES |d d |g / | |


